000 00275nam a2200109Ia 4500
008 180430s9999 xx 000 0 und d
020 _a9780753719176
100 _aStraten, Michael Van
245 _aSuper Soups /
260 _aUSA :
_bBounty books
_c2002
300 _a141 pages
999 _c356392
_d356392